SUCHNA KA ADHIKAR (Record no. 5297)

MARC details
000 -LEADER
fixed length control field 00386nam a22001577a 4500
005 - DATE AND TIME OF LATEST TRANSACTION
control field 20161022155211.0
008 - FIXED-LENGTH DATA ELEMENTS--GENERAL INFORMATION
fixed length control field 161022b xxu||||| |||| 00| 0 eng d
020 ## - INTERNATIONAL STANDARD BOOK NUMBER
ISBN 978-81-267-1352-3
041 ## - LANGUAGE CODE
Language code of text/sound track or separate title eng
100 ## - MAIN ENTRY--AUTHOR NAME
Personal name RAJGARIYA,VISHNU,KEJRIWAL,ARVIND
245 ## - TITLE STATEMENT
Title SUCHNA KA ADHIKAR
260 ## - PUBLICATION, DISTRIBUTION, ETC. (IMPRINT)
Name of publisher RAJKAMAL
300 ## - PHYSICAL DESCRIPTION
Number of Pages 148
650 ## - SUBJECT ADDED ENTRY--TOPICAL TERM
Topical Term MASS COM @ JOURNALISM
942 ## - ADDED ENTRY ELEMENTS (KOHA)
Koha item type Books
Holdings
Lost status Damaged status Collection code Home library Current library Shelving location Date acquired Source of acquisition Cost, normal purchase price Accession Number Koha item type
    LIFE SKILL JRU Library JRU Library SHELF-103-H 22/10/2016 Purchase 250.00 21404 Books
    LIFE SKILL JRU Library JRU Library SHELF-103-H 22/10/2016 Purchase 250.00 21405 Books
    LIFE SKILL JRU Library JRU Library SHELF-103-H 22/10/2016 Purchase 250.00 21406 Books
      JRU Library   SHELF-103-H 22/10/2016 Purchase 250.00 21407 Books